00637nam a2200193 a 450000100100000000500170001000800410002702000150006804000250008308200160010810000270012424500550015126000390020630000280024550400300027304900090030395201140031299900170042600002258820200930021704.0101013s2002 sp a 000 0 spa d a8475561403 aDO-SdBNPbspacBNPHU axxxxbM678l1 aMisrahi, Alicia94648813aEl lector de... Edgar Allan Poe /cAlicia Misrahi. aBarcelona, Espaa :bOceano,c2002. a320 p. :bil. ;c21 cm. aBibliografas : p. 277-288 aBNPD 001050718MOaGRbGRcCTd2010-10-13iLF1l0oxxxx M678lp22588-10r2020-06-25w2020-06-25y1ZNo se presta c22085d22085